Návrh delenej kanalizácie vo vysokej budove
Gespeichert in:
| 1. Verfasser: | |
|---|---|
| Weitere Verfasser: | |
| Format: | Manuskript Buch |
| Sprache: | Slowakisch |
| Veröffentlicht: |
2023
|
| Schlagworte: | |
| Online-Zugang: | http://is.stuba.sk/zp/portal_zp.pl?podrobnosti=169089 https://opac.crzp.sk/?fn=detailBiblioForm&sid=C0DEB8E07572332BA9270D15805F |
| Tags: |
Keine Tags, Fügen Sie das erste Tag hinzu!
|
MARC
| LEADER | 00000ntm a22000003a 4500 | ||
|---|---|---|---|
| 001 | stuzp92888 | ||
| 003 | SK-STU | ||
| 005 | 20230920110736.7 | ||
| 007 | ta | ||
| 008 | 150427s2015----xo-----f-mn---000-0-slo-d | ||
| 040 | |a STU |b slo | ||
| 041 | 0 | |a slo | |
| 100 | 1 | |a Obstová, Alžbeta |u 010290 |4 aut |U SvF Stavebná fakulta |T SvF Katedra technických zariadení budov |X 98999 |U V290 |Y 31 |7 98999 | |
| 242 | 0 | 1 | |a Design of separate drainage in the high-rise building |y eng |
| 245 | 1 | 0 | |a Návrh delenej kanalizácie vo vysokej budove |
| 260 | |c 2023 | ||
| 650 | 4 | |a vysoká budova |2 slo | |
| 650 | 4 | |a sivá voda |2 slo | |
| 650 | 4 | |a čierna voda |2 slo | |
| 650 | 4 | |a odvetranie odpadových potrubí |2 slo | |
| 650 | 4 | |a high-rise building |2 eng | |
| 650 | 4 | |a grey water |2 eng | |
| 650 | 4 | |a black water |2 eng | |
| 650 | 4 | |a ventilation of stack pipes |2 eng | |
| 700 | 1 | |a Peráčková, Jana |u 010290 |k Z1 |4 ths |U SvF Stavebná fakulta |T SvF Katedra technických zariadení budov |X 2739 |U V290 |Y 31 |7 A000002739 | |
| 856 | 4 | |u http://is.stuba.sk/zp/portal_zp.pl?podrobnosti=169089 | |
| 856 | 4 | |u https://opac.crzp.sk/?fn=detailBiblioForm&sid=C0DEB8E07572332BA9270D15805F | |